Flavins : photochemistry and photobiology

Flavins and flavoproteins are a widely investigated and highly versatile group of compounds. Participation of these compounds in photochemistry and photobiology processes are of particular importance in the fields of biology, chemistry and medicine. Written by leading experts in the field each secti...

Full description

Saved in:
Bibliographic Details
Corporate Author Royal Society of Chemistry (Great Britain)
Other Authors Silva, Eduardo, Edwards, Ana M.
Format Electronic eBook
LanguageEnglish
Published Cambridge, UK : RSC Pub., ©2006.
SeriesComprehensive series in photochemistry & photobiology ; v. 6.
Subjects
Online AccessFull text
ISBN9781615833610
1615833617
0854043314
9780854043316
Physical Description1 online resource (x, 328 pages) : illustrations

Cover

LEADER 00000cam a2200000 a 4500
001 kn-ocn642905320
003 OCoLC
005 20240717213016.0
006 m o d
007 cr cn|||||||||
008 100622s2006 enka ob 001 0 eng d
040 |a KNOVL  |b eng  |e pn  |c KNOVL  |d CEF  |d OCLCQ  |d CUS  |d OCLCQ  |d KNOVL  |d OCLCF  |d OCLCO  |d KNOVL  |d COO  |d E7B  |d ZCU  |d YDXCP  |d OCLCQ  |d UAB  |d BUF  |d OCLCQ  |d RRP  |d AU@  |d WYU  |d OCLCO  |d OCLCA  |d UKAHL  |d OCLCQ  |d OCLCO  |d HS0  |d ERF  |d OCLCQ  |d OCLCA  |d OCLCQ  |d OCLCA  |d BRF  |d MM9  |d OCLCQ  |d OCLCO  |d OCL  |d OCLCQ  |d OCLCO  |d OCLCQ  |d OCLCL  |d SXB  |d OCLCQ 
020 |a 9781615833610  |q (electronic bk.) 
020 |a 1615833617  |q (electronic bk.) 
020 |a 0854043314 
020 |a 9780854043316 
035 |a (OCoLC)642905320  |z (OCoLC)468781421  |z (OCoLC)1058075943  |z (OCoLC)1065858440 
245 0 0 |a Flavins :  |b photochemistry and photobiology /  |c editors, Eduardo Silva and Ana M. Edwards. 
260 |a Cambridge, UK :  |b RSC Pub.,  |c ©2006. 
300 |a 1 online resource (x, 328 pages) :  |b illustrations 
336 |a text  |b txt  |2 rdacontent 
337 |a computer  |b c  |2 rdamedia 
338 |a online resource  |b cr  |2 rdacarrier 
490 1 |a Comprehensive series in photochemistry and photobiology ;  |v v. 6 
504 |a Includes bibliographical references and index. 
505 0 |a General properties of flavins -- Photochemistry of flavins in aqueous and organic solvents -- Excited states interaction of flavins with amines : application to the initiation of vinyl polymerization -- Riboflavin as a visible-light-sensitiser in the aerobic photodegradation of ophthalmic and sympathomimetic drugs -- The antiviral and antibacterial properties of riboflavin and light : applications to blood safety and transfusion medicine -- Light-induced flavin toxicity -- Photoinduced processes in the eye lens : do flavins really play a role? -- Blue light-initiated DNA : a repair by photolyase -- Flavin-based photoreceptors in plants -- Flavin-based photoreceptors in bacteria -- Photoactivated adenylyl cyclase (PAC), the photoreceptor flavoprotein with intrinsic effector function mediating euglenoid photomovements -- Mechanisms of light activation in flavin-binding photoreceptors. 
506 |a Plný text je dostupný pouze z IP adres počítačů Univerzity Tomáše Bati ve Zlíně nebo vzdáleným přístupem pro zaměstnance a studenty 
520 |a Flavins and flavoproteins are a widely investigated and highly versatile group of compounds. Participation of these compounds in photochemistry and photobiology processes are of particular importance in the fields of biology, chemistry and medicine. Written by leading experts in the field each section of the book includes a historical overview of the subject, state of the art developments and future perspectives. Flavins: Photochemistry and Photobiology begins with the properties and applications of flavins, including their photochemistry in aqueous and organic solutions. Subsequent sections d. 
590 |a Knovel  |b Knovel (All titles) 
650 0 |a Flavins. 
650 0 |a Flavoproteins. 
650 0 |a Light. 
655 7 |a elektronické knihy  |7 fd186907  |2 czenas 
655 9 |a electronic books  |2 eczenas 
700 1 |a Silva, Eduardo. 
700 1 |a Edwards, Ana M. 
710 2 |a Royal Society of Chemistry (Great Britain) 
776 0 8 |i Print version:  |t Flavins.  |d Cambridge, UK : RSC Pub., ©2006  |z 9780854043316  |w (DLC) 2007271023  |w (OCoLC)72867757 
830 0 |a Comprehensive series in photochemistry & photobiology ;  |v v. 6. 
856 4 0 |u https://proxy.k.utb.cz/login?url=https://app.knovel.com/hotlink/toc/id:kpFPP0000A/flavins-photochemistry-and?kpromoter=marc  |y Full text